Normal view
MARC view
- Nwanganga,Fred
Entry Personal Name
001 - CONTROL NUMBER
- control field: 81144
003 - CONTROL NUMBER IDENTIFIER
- control field: NUST
005 - DATE AND TIME OF LATEST TRANSACTION
- control field: 20210803115632.0
008 - FIXED-LENGTH DATA ELEMENTS
- fixed length control field: 210803|| aca||aabn | a|a d
040 ## - CATALOGING SOURCE
- Original cataloging agency: NUST
- Transcribing agency: NUST
100 ## - HEADING--PERSONAL NAME
- Personal name: Nwanganga,Fred
670 ## - SOURCE DATA FOUND
- Source citation: Work cat.: (NUST): Nwanganga,Fred, Practical Machine Learning In R, 2020.
